| 000 | 00957nam a2200241 a 4500 | ||
|---|---|---|---|
| 003 | CBULib | ||
| 005 | 20240509102842.0 | ||
| 008 | 081112s2008 ||||||||||||||||| || u | ||
| 040 |
_aCBULib _bEnglish _cCBULib _dCBULib _erda |
||
| 050 | _aUN-ECE(02)2008/3 | ||
| 110 | _aUnited Nations Economic and Social Affairs (UNESA) | ||
| 245 | 1 | 0 |
_aMeasuring population and housing: practices of UNECE countries in the 2000 round of censuses _cUnited Nations Economic Commission for Europe (UNECE) |
| 260 |
_aNew York _bUNITED NATIONS _c2008 |
||
| 300 | _aviii, 198pages. :illustrations | ||
| 336 |
_2rdacontent _aText | _btxt |
||
| 337 |
_2rdamedia _aUnmediated | _bn |
||
| 338 |
_2rdacarrier _aVolume _bnc |
||
| 650 | _aDEMOGRAPHIC SURVEY--EUROPE--METHODOLOGY | ||
| 650 | _aHOUSING SURVEY--EUROPE--METHODOLOGY | ||
| 650 | _aHOUSING--EUROPE--METHODOLOGY | ||
| 942 |
_2mc _c029 |
||
| 999 |
_c50862 _d50862 |
||